Employment policies in developing countries (Record no. 41785)

MARC details
000 -LEADER
fixed length control field 00853nam a2200241 a 4500
008 - FIXED-LENGTH DATA ELEMENTS--GENERAL INFORMATION
fixed length control field 120416s1974 ||||||||||||||||| || u
020 ## - INTERNATIONAL STANDARD BOOK NUMBER
International Standard Book Number 0043302459
050 ## - LIBRARY OF CONGRESS CALL NUMBER
Classification number HD 5852 Mou
100 ## - MAIN ENTRY--PERSONAL NAME
Personal name Costa, Emile
245 10 - TITLE STATEMENT
Title Employment policies in developing countries
246 ## - VARYING FORM OF TITLE
Title proper/short title a comparative analysis
260 ## - PUBLICATION, DISTRIBUTION, ETC.
Place of publication, distribution, etc. London
Name of publisher, distributor, etc. Allen & Unwin
Date of publication, distribution, etc. 1974
300 ## - PHYSICAL DESCRIPTION
Extent 3-251 p.
350 ## - PRICE (NR) (BK AM CF MU VM SE) [OBSOLETE]
Price 0.00
500 ## - GENERAL NOTE
General note Includes bibliographical references and indexes.
650 ## - SUBJECT ADDED ENTRY--TOPICAL TERM
Topical term or geographic name entry element LABOUR
650 ## - SUBJECT ADDED ENTRY--TOPICAL TERM
Topical term or geographic name entry element MANPOWER POLICY--DEVELOPING COUNTRIES
650 ## - SUBJECT ADDED ENTRY--TOPICAL TERM
Topical term or geographic name entry element Full employment policies--Developing countries
700 ## - ADDED ENTRY--PERSONAL NAME
Personal name Mouly, J
700 ## - ADDED ENTRY--PERSONAL NAME
Personal name Yates, P. Lamartine
710 ## - ADDED ENTRY--CORPORATE NAME
Corporate name or jurisdiction name as entry element International Labour Office
995 ## - RECOMMENDATION 995 [LOCAL, UNIMARC FRANCE]
-- 0.00
-- CBU-MAIN LIBRARY (Kitwe)
-- 1
-- 8.00
-- 1
-- AVAILABLE
-- Main Library Open Access Collection
Holdings
Withdrawn status Lost status Source of classification or shelving scheme Damaged status Not for loan Home library Current library Shelving location Date acquired Total Checkouts Full call number Barcode Date last seen Price effective from Koha item type
          CBU-MAIN LIBRARY, KITWE. CBU-MAIN LIBRARY, KITWE.   11/30/2022   HD 5852 Mou 004504 11/30/2022 11/30/2022 MONOGRAPH